The pain of rain on the plain (Record no. 70136)
[ view plain ]
| 000 -LEADER | |
|---|---|
| fixed length control field | 00958cam a2200217 4500 |
| 001 - CONTROL NUMBER | |
| control field | ABS65380 |
| 008 - FIXED-LENGTH DATA ELEMENTS--GENERAL INFORMATION | |
| fixed length control field | 020430n2002 000 0 eng u |
| 035 ## - SYSTEM CONTROL NUMBER | |
| System control number | (Sirsi) u117786 |
| 100 ## - MAIN ENTRY--PERSONAL NAME | |
| Personal name | Clover, C |
| 245 #4 - TITLE STATEMENT | |
| Title | The pain of rain on the plain |
| 260 ## - PUBLICATION, DISTRIBUTION, ETC. | |
| Date of publication, distribution, etc. | 2002 |
| 490 ## - SERIES STATEMENT | |
| Series statement | Country Life |
| Volume/sequential designation | 196(15) 11 April 2002, 128-129(2) |
| 520 ## - SUMMARY, ETC. | |
| Summary, etc. | Argues that official maps of who is at risk of flooding mean that home-owners with properties on flood plains, will have to pay higher insurance premiums or possibly a new 'flood tax'. Environment Agency maps may be inaccurate, and there is no right of appeal against entries. Points out that government needs to review this system of assessing areas liable to flooding and ensuing costs. |
| 590 ## - LOCAL NOTE (RLIN) | |
| Local note | ABS |
| 650 ## - SUBJECT ADDED ENTRY--TOPICAL TERM | |
| Topical term or geographic name entry element | FLOODING |
| 650 ## - SUBJECT ADDED ENTRY--TOPICAL TERM | |
| Topical term or geographic name entry element | FLOODPLAINS |
| 650 ## - SUBJECT ADDED ENTRY--TOPICAL TERM | |
| Topical term or geographic name entry element | INSURANCE CLAIMS |
| 650 ## - SUBJECT ADDED ENTRY--TOPICAL TERM | |
| Topical term or geographic name entry element | INSURANCE PREMIUMS |
| 690 ## - LOCAL SUBJECT ADDED ENTRY--TOPICAL TERM (OCLC, RLIN) | |
| Topical term or geographic name as entry element | ENVIRONMENTAL AND LAND CONSULTANCY-ENVIRONMENTAL MANAGEMENT |
| 942 ## - ADDED ENTRY ELEMENTS (KOHA) | |
| Suppress in OPAC | 0 |
| Withdrawn status | Lost status | Source of classification or shelving scheme | Damaged status | Not for loan | Home library | Current library | Shelving location | Date acquired | Total Checkouts | Full call number | Barcode | Date last seen | Copy number | Price effective from | Koha item type |
|---|---|---|---|---|---|---|---|---|---|---|---|---|---|---|---|
| Dewey Decimal Classification | London | London | Journal article | 30/04/2002 | ABS65380 | 117786-1001 | 06/08/2019 | 1 | 06/08/2019 | Journal article |